[Event "Aberto do Brasil CONTAUD 2022"]
[Site "Cuiaba - MT - Brasil"]
[Date "2022.10.29"]
[Round "7"]
[Board "1"]
[White "Fier, Alexandr"]
[Black "Lima, Darcy"]
[Result "1-0"]
[WhiteElo "2592"]
[BlackElo "2420"]
[PlyCount "45"]
[EventDate "2022.10.25"]
[EventRounds "9"]
[EventCountry "BRA"]

1. d4 d5 2. c4 dxc4 3. e4 b5 4. a4 c6 5. axb5 cxb5 6. Nc3 Qb6 7. Nd5 Qb7 8. Bf4 e5
9. Bxe5 Nd7 10. Ne2 Nxe5 11. dxe5 Ne7 12. Nec3 Bd7 13. Be2 Ng6 14. Qd4 Be7 15. f4
Qb8 16. Rd1 Bc6 17. f5 Bxd5 18. fxg6 Be6 19. gxf7+ Kxf7 20. O-O+ Ke8 21. Bg4 Bxg4
22. Qd5 Bxd1 23. Qc6+  1-0

[Event "Aberto do Brasil CONTAUD 2022"]
[Site "Cuiaba - MT - Brasil"]
[Date "2022.10.29"]
[Round "7"]
[Board "2"]
[White "Gauche, Charles"]
[Black "Delgado Ramirez, Neuris"]
[Result "1/2-1/2"]
[WhiteElo "2177"]
[BlackElo "2563"]
[PlyCount "49"]
[EventDate "2022.10.25"]
[EventRounds "9"]
[EventCountry "BRA"]

1. d4 Nf6 2. g3 e6 3. Bg2 c5 4. e3 Nc6 5. Nf3 d5 6. O-O Be7 7. b3 cxd4 8. exd4 O-O
9. c4 b6 10. Ne5 Bb7 11. Bb2 Rc8 12. Nd2 Ba8 13. Ndf3 Nxe5 14. Nxe5 Bd6 15. Qe2 Qe7
16. Rac1 Bb7 17. Rc2 dxc4 18. bxc4 Bxg2 19. Kxg2 Qb7+ 20. Nf3 Rfe8 21. Rfc1 Qa6 22.
Qd3 Be7 23. Qb3 Red8 24. a4 Rb8 25. Ne5  1/2-1/2

[Event "Aberto do Brasil CONTAUD 2022"]
[Site "Cuiaba - MT - Brasil"]
[Date "2022.10.29"]
[Round "7"]
[Board "3"]
[White "Matsuura, Everaldo"]
[Black "Pimentel, Lucas Dos Santos"]
[Result "1-0"]
[WhiteElo "2445"]
[BlackElo "1391"]
[PlyCount "35"]
[EventDate "2022.10.25"]
[EventRounds "9"]
[EventCountry "BRA"]

1. e4 c5 2. c3 Nc6 3. d4 cxd4 4. cxd4 d5 5. exd5 Qxd5 6. Nf3 Bg4 7. Nc3 Qd8 8. d5
Bxf3 9. Qxf3 Ne5 10. Bb5+ Nd7 11. O-O a6 12. Ba4 g6 13. Re1 Bg7 14. d6 e6 15. Nd5
Ngf6 16. Nc7+ Qxc7 17. dxc7 O-O 18. Bxd7  1-0

[Event "Aberto do Brasil CONTAUD 2022"]
[Site "Cuiaba - MT - Brasil"]
[Date "2022.10.29"]
[Round "7"]
[Board "4"]
[White "Pirola, Claudionor Alcides Lima"]
[Black "Rodi, Luis Ernesto"]
[Result "1/2-1/2"]
[WhiteElo "2157"]
[BlackElo "2312"]
[PlyCount "128"]
[EventDate "2022.10.25"]
[EventRounds "9"]
[EventCountry "BRA"]

1. e4 e6 2. d4 d5 3. Nc3 Bb4 4. e5 c5 5. Bd2 Nh6 6. Nb5 Bxd2+ 7. Qxd2 O-O 8. f4 a6
9. Nd6 cxd4 10. Nf3 f6 11. Bd3 Nc6 12. O-O Nf7 13. Nxf7 Rxf7 14. Qe1 Bd7 15. Qh4
f5 16. Qh3 g6 17. g4 Qe7 18. gxf5 gxf5 19. Kh1 Kh8 20. Rg1 Rg8 21. Rxg8+ Kxg8 22.
Rg1+ Rg7 23. Qh6 Rxg1+ 24. Kxg1 Qg7+ 25. Qxg7+ Kxg7 26. Kf2 h6 27. a3 Be8 28. Nd2
Kf7 29. Nb3 Ke7 30. Be2 Bd7 31. Kg3 Bc8 32. Kh4 Kf8 33. Bh5 b6 34. Kg3 a5 35. a4
Ba6 36. Kf2 Bc4 37. Nd2 Nb4 38. Bd1 d3 39. c3 Nc2 40. b3 Ba6 41. Nf3 b5 42. Ne1 bxa4
43. bxa4 Na3 44. Ke3 Nc4+ 45. Kxd3 Nxe5+ 46. Kd4 Nd7 47. Nf3 Ke7 48. Nd2 Kd6 49.
Nb3 e5+ 50. fxe5+ Nxe5 51. Nxa5 f4 52. Bh5 f3 53. Ke3 Be2 54. Nb7+ Kc6 55. Nd8+ Kc5
56. Nf7 Nc4+ 57. Kf2 Nb2 58. Bxf3 Bxf3 59. Kxf3 Nxa4 60. Nxh6 Nxc3 61. Nf5 d4 62.
h4 Kd5 63. Nxd4 Kxd4 64. Kf4 Ne2+  1/2-1/2

[Event "Aberto do Brasil CONTAUD 2022"]
[Site "Cuiaba - MT - Brasil"]
[Date "2022.10.29"]
[Round "7"]
[Board "5"]
[White "Lima, Stefan Moisei Vieira"]
[Black "Hoffman, Alejandro"]
[Result "0-1"]
[WhiteElo "2051"]
[BlackElo "2378"]
[PlyCount "128"]
[EventDate "2022.10.25"]
[EventRounds "9"]
[EventCountry "BRA"]

1. d4 d5 2. c4 e6 3. Nf3 Nf6 4. g3 Be7 5. Bg2 O-O 6. O-O b6 7. Qc2 Bb7 8. cxd5 exd5
9. Bf4 Na6 10. Nc3 h6 11. Rfd1 Qc8 12. a3 c5 13. Rac1 Qe6 14. h4 Rfd8 15. e3 Rac8
16. Ne5 Ne4 17. Bxe4 dxe4 18. d5 Bxd5 19. Nxd5 Rxd5 20. Rxd5 Qxd5 21. Rd1 Qe6 22.
h5 Nc7 23. Rd7 f6 24. Qc4 fxe5 25. Qxe6+ Nxe6 26. Rxe7 exf4 27. Rxe6 fxg3 28. fxg3
Rd8 29. Rxe4 Rd1+ 30. Kf2 Rd2+ 31. Kf3 Rxb2 32. Re7 a5 33. a4 Rb4 34. Rb7 c4 35.
Ke4 c3+ 36. Kd3 Rc4 37. Kc2 Rxa4 38. Rxb6 Rg4 39. Kxc3 Rxg3 40. Kd4 Rg5 41. e4 Rxh5
42. e5 Kf7 43. Ra6 Rh1 44. Rxa5 Ke6 45. Ra7 Rh4+ 46. Ke3 g5 47. Ra5 Kf5 48. Kf3 Rh3+
49. Kf2 g4 50. Rb5 h5 51. Ra5 Ke6 52. Rb5 Rf3+ 53. Kg2 Re3 54. Rb6+ Kf5 55. Rh6 Kg5
56. Re6 Re2+ 57. Kf1 Ra2 58. Rf6 Ra5 59. Re6 Kf4 60. Kg2 Rxe5 61. Rf6+ Kg5 62. Rf8
Re2+ 63. Kg1 Kh4 64. Rf5 Kg3  0-1

[Event "Aberto do Brasil CONTAUD 2022"]
[Site "Cuiaba - MT - Brasil"]
[Date "2022.10.29"]
[Round "7"]
[Board "6"]
[White "Kazuhiro Shikasho, Erik"]
[Black "Alboredo, Julia"]
[Result "0-1"]
[WhiteElo "1895"]
[BlackElo "2234"]
[PlyCount "93"]
[EventDate "2022.10.25"]
[EventRounds "9"]
[EventCountry "BRA"]

1. e4 c5 2. Nf3 Nc6 3. d4 cxd4 4. Nxd4 Nf6 5. Nc3 d6 6. Bg5 Bd7 7. Qd2 a6 8. O-O-O
e6 9. f3 Nxd4 10. Qxd4 Be7 11. Kb1 Qc7 12. g4 Bc6 13. h4 h5 14. gxh5 Nxh5 15. Rg1
O-O-O 16. Bxe7 Qxe7 17. Qa7 Qc7 18. Bh3 Nf4 19. Bf1 g6 20. b4 Kd7 21. Qc5 b5 22.
Qg5 d5 23. e5 Nh5 24. Ne4 Kc8 25. Nc5 Qa7 26. Rd3 a5 27. Ra3 a4 28. Rc3 d4 29. Rd3
Rd5 30. Bh3 Ng7 31. Rgd1 Rh5 32. Qg3 Rhxe5 33. Rxd4 Qe7 34. f4 Rxd4 35. Rxd4 Rd5
36. Rxd5 Bxd5 37. Qd3 Bc4 38. Qd4 Nf5 39. Qh8+ Qd8 40. Qxd8+ Kxd8 41. Bxf5 exf5 42.
Kb2 Ke7 43. a3 Kd6 44. Kc3 Kd5 45. Kd2 Kd4 46. c3+ Kd5 47. Kc2  0-1

[Event "Aberto do Brasil CONTAUD 2022"]
[Site "Cuiaba - MT - Brasil"]
[Date "2022.10.29"]
[Round "7"]
[Board "7"]
[White "Labussiere, Yago"]
[Black "De Oliveira, Yuri Garcia"]
[Result "1/2-1/2"]
[WhiteElo "2213"]
[BlackElo "1899"]
[PlyCount "125"]
[EventDate "2022.10.25"]
[EventRounds "9"]
[EventCountry "BRA"]

1. c4 c5 2. Nf3 Nc6 3. d4 cxd4 4. Nxd4 g6 5. e4 Nf6 6. Nc3 Nxd4 7. Qxd4 d6 8. Be3
Bg7 9. f3 O-O 10. Qd2 a5 11. Rc1 a4 12. Rc2 Bd7 13. Be2 Qa5 14. Nd5 Qxd2+ 15. Kxd2
Nxd5 16. cxd5 Rfc8 17. Rhc1 Kf8 18. Rxc8+ Rxc8 19. Rxc8+ Bxc8 20. Kc2 Bd7 21. Bd2
Bd4 22. Bc3 Bg1 23. h3 Bc5 24. f4 Be3 25. Bd2 Bd4 26. Bd3 f5 27. exf5 gxf5 28. Bc3
Be3 29. Bd2 Bd4 30. Bc1 Kf7 31. Bc4 h5 32. Bd2 Bf2 33. Kc3 b6 34. a3 Kf6 35. Kd3
b5 36. Ba2 e6 37. Bb4 Ke7 38. Ke2 Bd4 39. Bc3 Bc5 40. Kf3 exd5 41. Bxd5 Be6 42. Bxe6
Kxe6 43. g4 hxg4+ 44. hxg4 d5 45. g5 Bb6 46. Ke2 Bc7 47. Bd2 Bd6 48. Kd3 Bf8 49.
g6 Bc5 50. g7 Kf7 51. Ke2 d4 52. Bb4 Bb6 53. Bf8 Kg8 54. Kd3 Kf7 55. Bd6 Kxg7 56.
Be5+ Kf7 57. Bxd4 Ba5 58. Bc3 Bb6 59. Bd4 Ba5 60. Bh8 Ke6 61. Kd4 Bb6+ 62. Kd3 Kd5
63. Be5  1/2-1/2

[Event "Aberto do Brasil CONTAUD 2022"]
[Site "Cuiaba - MT - Brasil"]
[Date "2022.10.29"]
[Round "7"]
[Board "8"]
[White "Federzoni, Enzo"]
[Black "Paredes Lagos, Anthony Javier"]
[Result "1-0"]
[WhiteElo "2139"]
[BlackElo "2211"]
[PlyCount "49"]
[EventDate "2022.10.25"]
[EventRounds "9"]
[EventCountry "BRA"]

1. e4 c5 2. Nf3 d6 3. d4 cxd4 4. Nxd4 Nf6 5. Nc3 a6 6. Bg5 e6 7. f4 Be7 8. Qf3 Qc7
9. O-O-O Nbd7 10. f5 e5 11. Nde2 b5 12. Bxf6 Nxf6 13. Nd5 Nxd5 14. exd5 Bd7 15. Ng3
a5 16. Nh5 g6 17. Ng7+ Kf8 18. fxg6 hxg6 19. Ne6+ Bxe6 20. dxe6 Bg5+ 21. Kb1 Rb8
22. Rxd6 Qe7 23. Bd3 Rh4 24. g3 Qxd6 25. Qxf7#  1-0

[Event "Aberto do Brasil CONTAUD 2022"]
[Site "Cuiaba - MT - Brasil"]
[Date "2022.10.29"]
[Round "7"]
[Board "9"]
[White "Luz, Arthur Nader"]
[Black "Duailibi, Ricardo Miguel"]
[Result "1-0"]
[WhiteElo "2154"]
[BlackElo "1832"]
[PlyCount "67"]
[EventDate "2022.10.25"]
[EventRounds "9"]
[EventCountry "BRA"]

1. e4 e5 2. Nc3 Nc6 3. Bc4 Bc5 4. Qg4 Bf8 5. Qf3 Nf6 6. Nge2 d6 7. d3 Na5 8. Bg5
Be7 9. Ng3 Nxc4 10. dxc4 Bg4 11. Qd3 Ng8 12. Be3 Bg5 13. Bxg5 Qxg5 14. h3 Be6 15.
Nb5 Qd8 16. Nh5 Kf8 17. Ng3 a6 18. Nc3 g6 19. O-O-O Qg5+ 20. Kb1 Ne7 21. Nd5 Nxd5
22. cxd5 Bd7 23. h4 Qg4 24. Rdf1 f5 25. exf5 gxf5 26. f4 Rg8 27. Rh3 e4 28. Qc3 Rc8
29. Qf6+ Ke8 30. Re1 Qg7 31. Nxe4 Qxf6 32. Nxf6+ Kf7 33. Nxg8 Rxg8 34. Rhe3  1-0

[Event "Aberto do Brasil CONTAUD 2022"]
[Site "Cuiaba - MT - Brasil"]
[Date "2022.10.29"]
[Round "7"]
[Board "10"]
[White "Lima, Kleyton Alcantara"]
[Black "Mariano, Kaiki Pereira"]
[Result "1-0"]
[WhiteElo "2109"]
[BlackElo "1480"]
[PlyCount "55"]
[EventDate "2022.10.25"]
[EventRounds "9"]
[EventCountry "BRA"]

1. e4 e5 2. Nf3 Nc6 3. Bb5 Nf6 4. d3 Bc5 5. O-O Nd4 6. Nxd4 Bxd4 7. c3 Bb6 8. Bg5
c6 9. Ba4 h6 10. Bc1 O-O 11. Nd2 d5 12. h3 dxe4 13. dxe4 Be6 14. Qe2 Qc7 15. Bb3
Bxb3 16. axb3 a6 17. Qf3 Rad8 18. Nc4 Ba7 19. Bxh6 gxh6 20. Qxf6 b5 21. Qxe5 Qd7
22. Qg3+ Kh7 23. Ne5 Qb7 24. Ng4 f5 25. exf5 Rxf5 26. Nxh6 Bxf2+ 27. Rxf2 Rxf2 28.
Qxf2  1-0

[Event "Aberto do Brasil CONTAUD 2022"]
[Site "Cuiaba - MT - Brasil"]
[Date "2022.10.29"]
[Round "7"]
[Board "11"]
[White "Belina, Jose Carlos Fernandes"]
[Black "Souza Dos Santos, Matheus Garcett"]
[Result "0-1"]
[WhiteElo "1348"]
[BlackElo "1990"]
[PlyCount "64"]
[EventDate "2022.10.25"]
[EventRounds "9"]
[EventCountry "BRA"]

1. e4 c5 2. Nf3 d6 3. d4 cxd4 4. Nxd4 Nf6 5. Nc3 a6 6. Bg5 e6 7. f4 h6 8. Bh4 Qb6
9. Qd2 Qxb2 10. Rb1 Qa3 11. Bc4 Be7 12. f5 Nxe4 13. Nxe4 Bxh4+ 14. g3 d5 15. fxe6
Bxe6 16. gxh4 Qe7 17. Rxb7 Nd7 18. Qf4 dxc4 19. Nc6 Qa3 20. Nd6+ Kf8 21. Rxd7 Qc3+
22. Kf2 Qxc2+ 23. Kg3 Qg6+ 24. Kf2 Bxd7 25. Ne5 Qc2+ 26. Ke3 Be6 27. Ndxf7 Qc3+ 28.
Ke2 Qc2+ 29. Ke3 Kg8 30. Rg1 Rf8 31. Rf1 Bxf7 32. Nxf7 Qd3+  0-1

[Event "Aberto do Brasil CONTAUD 2022"]
[Site "Cuiaba - MT - Brasil"]
[Date "2022.10.29"]
[Round "7"]
[Board "12"]
[White "Ramos, Angelo Bil"]
[Black "Felicio, Leonardo Demetrio De F."]
[Result "1/2-1/2"]
[WhiteElo "1970"]
[BlackElo "1880"]
[PlyCount "89"]
[EventDate "2022.10.25"]
[EventRounds "9"]
[EventCountry "BRA"]

1. d4 Nf6 2. c4 g6 3. Nc3 Bg7 4. e4 d6 5. Be2 O-O 6. Bg5 Nbd7 7. Nf3 c6 8. O-O h6
9. Bh4 g5 10. Bg3 Nh5 11. Qd2 c5 12. d5 Nxg3 13. hxg3 Ne5 14. Nxe5 Bxe5 15. g4 e6
16. Qc2 f5 17. dxe6 fxe4 18. Qxe4 Qf6 19. Bd3 Qg7 20. Qd5 Qe7 21. Bf5 Rb8 22. Rad1
b6 23. Nb5 Bb7 24. Qd3 Bc8 25. Rfe1 Bxe6 26. Bxe6+ Qxe6 27. Nxd6 Rbd8 28. Qe4 Qf6
29. Qd5+ Kh7 30. Qe4+ Kg8 31. Nf5 Bd4 32. b3 h5 33. Ne7+ Kg7 34. Nf5+ Kh8 35. Nxd4
Qxf2+ 36. Kh1 Rxd4 37. Qe5+ Kh7 38. Qe7+ Rf7 39. Qxg5 hxg4 40. Qh5+ Kg7 41. Qe5+
Kh7 42. Qh5+ Kg7 43. Qg5+ Kh7 44. Qh5+ Kg7 45. Qe5+  1/2-1/2

[Event "Aberto do Brasil CONTAUD 2022"]
[Site "Cuiaba - MT - Brasil"]
[Date "2022.10.29"]
[Round "7"]
[Board "13"]
[White "Andrade, Guilherme A. De Souza"]
[Black "Lopes, Marcelo Ferreira"]
[Result "1-0"]
[WhiteElo "1887"]
[BlackElo "1963"]
[PlyCount "99"]
[EventDate "2022.10.25"]
[EventRounds "9"]
[EventCountry "BRA"]

1. e4 e6 2. Nf3 d5 3. Nc3 d4 4. Ne2 Nc6 5. c3 dxc3 6. bxc3 Nf6 7. Ng3 Bd6 8. Qc2
e5 9. Bb5 O-O 10. O-O Bg4 11. Bxc6 bxc6 12. d3 Nh5 13. Nxh5 Bxh5 14. Nd2 Qh4 15.
Nc4 Rfe8 16. f3 Re6 17. Qf2 Qxf2+ 18. Kxf2 Bc5+ 19. Be3 Bxe3+ 20. Kxe3 f6 21. Rab1
Bf7 22. Rb7 Re7 23. Na5 Bxa2 24. Ra1 Be6 25. Nxc6 Rd7 26. Raxa7 Rxa7 27. Rxa7 Kf7
28. Rb7 h5 29. Ra7 Kg6 30. h4 Kh6 31. Nb4 g5 32. g3 gxh4 33. gxh4 c6 34. Rxd7 Bxd7
35. Na6 Kg6 36. Nb8 Be8 37. f4 Kf7 38. f5 Ke7 39. Na6 Kd6 40. Nb4 Bf7 41. c4 Kc5
42. Nc2 Kd6 43. Kd2 Be8 44. Kc3 Kc5 45. Na1 Kd6 46. Kb4 c5+ 47. Ka5 Bc6 48. Nc2 Bb7
49. Na3 Kc6 50. Nb5  1-0

[Event "Aberto do Brasil CONTAUD 2022"]
[Site "Cuiaba - MT - Brasil"]
[Date "2022.10.29"]
[Round "7"]
[Board "14"]
[White "Pires, Washington Gabriel"]
[Black "Do Amaral Vailant, Helena Kether"]
[Result "1-0"]
[WhiteElo "1921"]
[BlackElo "1502"]
[PlyCount "163"]
[EventDate "2022.10.25"]
[EventRounds "9"]
[EventCountry "BRA"]

1. d4 f5 2. c3 Nf6 3. Nf3 g6 4. Bg5 Bg7 5. Nbd2 d6 6. e3 Be6 7. Bd3 Bf7 8. Qa4+
c6 9. e4 fxe4 10. Nxe4 O-O 11. Qc2 Qc7 12. Bxf6 exf6 13. O-O-O d5 14. Ng3 b5 15.
h4 Na6 16. h5 f5 17. Kb1 Be6 18. hxg6 hxg6 19. Ng5 Bd7 20. Qe2 Rae8 21. Qf3 Rf6 22.
Ne2 Rxe2 23. Bxe2 Qd6 24. Bd3 Nc7 25. Qh3 Ne6 26. Qh7+ Kf8 27. Nxe6+ Bxe6 28. Qh4
b4 29. Rc1 bxc3 30. Rxc3 Rf7 31. Rhc1 Rc7 32. Rc5 Kf7 33. Bb5 Bd7 34. Ba4 f4 35.
Qh7 Kf8 36. Rd1 Bxd4 37. Qh6+ Bg7 38. Qg5 Bf5+ 39. Rc2 Rb7 40. Bb3 Kf7 41. g4 Bxc2+
42. Kxc2 Qc5+ 43. Kb1 Rxb3 44. Qxf4+ Kg8 45. axb3 Qb6 46. Qe3 Qxe3 47. fxe3 Bh6 48.
Re1 Kf7 49. e4 d4 50. Kc2 Ke6 51. Kd3 Ke5 52. Rf1 Be3 53. Rf7 a5 54. Ra7 Kf4 55.
Rxa5 Kxg4 56. Rc5 g5 57. Rxc6 Kf4 58. Rf6+ Ke5 59. Rf5+ Ke6 60. Rf8 Ke7 61. Rf3 Ke6
62. b4 Ke5 63. b5 g4 64. Rxe3 dxe3 65. Kxe3 g3 66. b6 g2 67. Kf2 Kxe4 68. b7 g1=Q+
69. Kxg1 Ke3 70. b8=Q Kd3 71. Qc7 Kd2 72. b4 Kd3 73. b5 Kd4 74. b6 Kd5 75. b7 Ke6
76. b8=Q Kf6 77. Qbb6+ Kf5 78. Qcc5+ Kf4 79. Qbb4+ Kf3 80. Qcc3+ Ke2 81. Qbb2+ Kd1
82. Qcc1#  1-0

[Event "Aberto do Brasil CONTAUD 2022"]
[Site "Cuiaba - MT - Brasil"]
[Date "2022.10.29"]
[Round "7"]
[Board "15"]
[White "Oliveira, Leonardo Tadeu De Alme"]
[Black "Moraes Silva, Natasha Alejandra"]
[Result "1-0"]
[WhiteElo "2037"]
[BlackElo "1469"]
[PlyCount "85"]
[EventDate "2022.10.25"]
[EventRounds "9"]
[EventCountry "BRA"]

1. e4 e6 2. d4 d5 3. Nc3 Nf6 4. e5 Nfd7 5. f4 c5 6. Nf3 Be7 7. Be3 Qb6 8. Qd2 c4
9. O-O-O Nc6 10. f5 Nf8 11. Bxc4 Bd7 12. Bb3 O-O-O 13. Rhf1 Bb4 14. Ng5 Bxc3 15.
Qxc3 Be8 16. fxe6 fxe6 17. Nf7 Bxf7 18. Rxf7 Rd7 19. Rdf1 Rxf7 20. Rxf7 Rg8 21. Ba4
Kb8 22. Qa3 Qb4 23. Qxb4 Nxb4 24. a3 Na6 25. b3 Nc7 26. c4 a6 27. c5 h6 28. b4 Ng6
29. Bc2 Nf8 30. a4 g5 31. h4 Kc8 32. hxg5 hxg5 33. Bd3 g4 34. b5 axb5 35. axb5 Ng6
36. Bg5 Nxe5 37. Rxc7+ Kxc7 38. Bf4 Rf8 39. Bxe5+ Kd7 40. g3 Rf2 41. Bg6 Re2 42.
Bh5 Re4 43. Kd2  1-0

[Event "Aberto do Brasil CONTAUD 2022"]
[Site "Cuiaba - MT - Brasil"]
[Date "2022.10.29"]
[Round "7"]
[Board "16"]
[White "Paniago, Lucio Erloiny Silva"]
[Black "Lima, Carlos Eduardo I De Araujo"]
[Result "0-1"]
[WhiteElo "1468"]
[BlackElo "1889"]
[PlyCount "87"]
[EventDate "2022.10.25"]
[EventRounds "9"]
[EventCountry "BRA"]

1. d4 d5 2. Nf3 Nf6 3. c4 e6 4. Nc3 Be7 5. e3 a6 6. a4 O-O 7. Bd3 dxc4 8. Bxc4 c5
9. O-O Nc6 10. Ne2 b6 11. Bd2 Bb7 12. dxc5 bxc5 13. a5 Qc7 14. Qc2 Ne5 15. Nxe5 Qxe5
16. Bc3 Qg5 17. Ng3 Qh4 18. Be2 Ng4 19. Bxg4 Qxg4 20. Qe2 Qg6 21. Rfd1 Rfd8 22. Rxd8+
Rxd8 23. Rd1 Rxd1+ 24. Qxd1 Bc6 25. f3 Qg5 26. Qd3 Bb5 27. Qe4 Qd5 28. Qxd5 exd5
29. Nf5 Bf8 30. Kf2 f6 31. f4 Kf7 32. Nh4 Ke6 33. Nf3 Kd6 34. Ne1 Kc6 35. Nc2 Bd3
36. Na3 c4 37. Ke1 h5 38. h4 Kd7 39. Bd4 Bxa3 40. bxa3 Ke6 41. Kf2 Kf5 42. Kf3 Bc2
43. g3 Bd1+ 44. Kf2  0-1

[Event "Aberto do Brasil CONTAUD 2022"]
[Site "Cuiaba - MT - Brasil"]
[Date "2022.10.29"]
[Round "7"]
[Board "18"]
[White "Freitas, Mauricio Mathioli"]
[Black "Cordeiro Silva, Marcos Antonio"]
[Result "0-1"]
[WhiteElo "1445"]
[BlackElo "1592"]
[PlyCount "50"]
[EventDate "2022.10.25"]
[EventRounds "9"]
[EventCountry "BRA"]

1. d4 d5 2. Nf3 Nf6 3. Bf4 Bf5 4. e3 e6 5. c4 Bxb1 6. Qa4+ Nc6 7. Rxb1 Bb4+ 8. Kd1
O-O 9. c5 Ng4 10. Bg3 e5 11. a3 Nf6 12. Nxe5 Nxe5 13. Bxe5 Ne4 14. Bg3 Qg5 15. Qxb4
Nxg3 16. fxg3 Qxe3 17. Qc3 Qg5 18. h4 Qe7 19. Be2 Rfe8 20. Re1 Qf6 21. Rf1 Qh6 22.
Qf3 Re7 23. Kc2 Rae8 24. Bd3 Qc6 25. Rbe1 Qa4+  0-1

[Event "Aberto do Brasil CONTAUD 2022"]
[Site "Cuiaba - MT - Brasil"]
[Date "2022.10.29"]
[Round "7"]
[Board "19"]
[White "Moyses Sobrinho, Elias"]
[Black "Borensztajn, David"]
[Result "1-0"]
[WhiteElo "1848"]
[BlackElo "1570"]
[PlyCount "63"]
[EventDate "2022.10.25"]
[EventRounds "9"]
[EventCountry "BRA"]

1. d4 d5 2. c4 e6 3. Nc3 Nf6 4. Nf3 c6 5. e3 Nbd7 6. h3 Be7 7. Bd3 O-O 8. O-O dxc4
9. Bxc4 b5 10. Bd3 Qc7 11. Qc2 b4 12. Ne4 Nxe4 13. Bxe4 Nf6 14. Qxc6 Qxc6 15. Bxc6
Rb8 16. Ne5 Rd8 17. Bf3 Bb7 18. Bxb7 Rxb7 19. Nc6 Rc8 20. Nxe7+ Rxe7 21. Bd2 Rec7
22. Bxb4 Rc2 23. Bc3 Ne4 24. Rfc1 Rxc1+ 25. Rxc1 f5 26. a3 Nf6 27. f3 Kf7 28. Bd2
Rb8 29. Rc7+ Kg6 30. b4 a6 31. Rc6 Ra8 32. Rxe6  1-0

[Event "Aberto do Brasil CONTAUD 2022"]
[Site "Cuiaba - MT - Brasil"]
[Date "2022.10.29"]
[Round "7"]
[Board "20"]
[White "Franca Junior, Jairo"]
[Black "Oliveira, Joao Victor Da Silva"]
[Result "1-0"]
[WhiteElo "1756"]
[BlackElo "1528"]
[PlyCount "53"]
[EventDate "2022.10.25"]
[EventRounds "9"]
[EventCountry "BRA"]

1. d4 d5 2. Nf3 Nf6 3. c4 c6 4. Nc3 e6 5. e3 Be7 6. b3 b6 7. Bd3 Bb7 8. O-O O-O 9.
Bb2 dxc4 10. bxc4 Qc7 11. Ne5 Nbd7 12. f4 Rad8 13. Qe2 c5 14. Rac1 cxd4 15. exd4
g6 16. Kh1 Nh5 17. d5 Nxe5 18. fxe5 Bg5 19. d6 Qd7 20. Be4 Bxc1 21. Bxc1 Rc8 22.
Bh6 Bxe4 23. Nxe4 Qc6 24. Bxf8 Rxf8 25. Qd3 Rd8 26. Qf3 Rd7 27. Nf6+  1-0

[Event "Aberto do Brasil CONTAUD 2022"]
[Site "Cuiaba - MT - Brasil"]
[Date "2022.10.29"]
[Round "7"]
[Board "21"]
[White "Mello, Eduardo Dos Santos"]
[Black "Arruda Filho, Ivo Pereira De"]
[Result "0-1"]
[WhiteElo "1502"]
[BlackElo "1736"]
[PlyCount "96"]
[EventDate "2022.10.25"]
[EventRounds "9"]
[EventCountry "BRA"]

1. d4 d5 2. e3 Nf6 3. Bd3 g6 4. Nd2 Bg7 5. f4 Bg4 6. Ngf3 O-O 7. c3 e6 8. Qc2 Bxf3
9. Nxf3 Nbd7 10. O-O c5 11. b3 b6 12. Ne5 Rc8 13. Ba3 Re8 14. Rac1 Nxe5 15. fxe5
Ng4 16. Qe2 f5 17. exf6 Nxf6 18. Qf3 e5 19. dxe5 Rxe5 20. c4 d4 21. e4 Qe7 22. Rce1
Re8 23. h3 Rf8 24. Qe2 Bh6 25. Bc1 Bxc1 26. Rxc1 Re8 27. Rce1 Nxe4 28. Qg4 Nf6 29.
Rxe5 Qxe5 30. Qf4 Kg7 31. Rf2 Qxf4 32. Rxf4 Re5 33. Bb1 Re1+ 34. Rf1 Rxf1+ 35. Kxf1
Nh5 36. Kf2 Kf6 37. Kf3 Ke5 38. g3 Nf6 39. h4 a6 40. a3 b5 41. Bd3 bxc4 42. Bxc4
a5 43. Bd3 Ng8 44. h5 Ne7 45. g4 gxh5 46. Bxh7 hxg4+ 47. Kxg4 Nd5 48. Bc2 Ne3+  0-1

[Event "Aberto do Brasil CONTAUD 2022"]
[Site "Cuiaba - MT - Brasil"]
[Date "2022.10.29"]
[Round "7"]
[Board "22"]
[White "Jesus Filho, Jose Carlos"]
[Black "Volpato, Alzir"]
[Result "1/2-1/2"]
[WhiteElo "1723"]
[BlackElo "1501"]
[PlyCount "25"]
[EventDate "2022.10.25"]
[EventRounds "9"]
[EventCountry "BRA"]

1. e4 e5 2. Nf3 Nc6 3. Bc4 Bc5 4. c3 d6 5. O-O Bg4 6. Qb3 Qd7 7. Bxf7+ Ke7 8. d4
exd4 9. cxd4 Bxd4 10. Nc3 Nf6 11. Bg5 Bxf3 12. gxf3 Bxc3 13. bxc3  1/2-1/2

[Event "Aberto do Brasil CONTAUD 2022"]
[Site "Cuiaba - MT - Brasil"]
[Date "2022.10.29"]
[Round "7"]
[Board "23"]
[White "Colombo, Sahimon Jonathan"]
[Black "Da Silva, Fabio Lima"]
[Result "0-1"]
[WhiteElo "1800"]
[BlackElo "1714"]
[PlyCount "34"]
[EventDate "2022.10.25"]
[EventRounds "9"]
[EventCountry "BRA"]

1. e4 c5 2. Nf3 d6 3. Nc3 Nc6 4. d4 cxd4 5. Nxd4 Nf6 6. Bb5 Bd7 7. Nxc6 bxc6 8.
Ba4 g6 9. Be3 Bg7 10. h3 Nxe4 11. Nxe4 Qa5+ 12. Bd2 Qxa4 13. Qe2 O-O 14. Nc3 Qxc2
15. O-O Be6 16. Rab1 Bxc3 17. bxc3 Qxa2  0-1

[Event "Aberto do Brasil CONTAUD 2022"]
[Site "Cuiaba - MT - Brasil"]
[Date "2022.10.29"]
[Round "7"]
[Board "24"]
[White "Haubert, Roberto Camargo"]
[Black "Gomes, Mateus Ferreira"]
[Result "0-1"]
[WhiteElo "1773"]
[BlackElo "1690"]
[PlyCount "104"]
[EventDate "2022.10.25"]
[EventRounds "9"]
[EventCountry "BRA"]

1. d4 d5 2. c4 Nf6 3. cxd5 Nxd5 4. e4 Nb6 5. Nc3 g6 6. Nf3 Bg4 7. Be2 Bg7 8. Be3
O-O 9. h3 Bxf3 10. Bxf3 Nc6 11. Ne2 Nc4 12. O-O Nxe3 13. fxe3 a6 14. e5 Rb8 15. Nf4
Na7 16. Rc1 e6 17. Nd3 Nc8 18. Nc5 c6 19. Qb3 Qc7 20. a4 a5 21. Qc3 Ne7 22. e4 Rfd8
23. Rfd1 Bh6 24. Rc2 Ra8 25. Qc4 b6 26. Nd3 Be3+ 27. Nf2 c5 28. d5 exd5 29. exd5
Qxe5 30. d6 Nf5 31. Bxa8 Bxf2+ 32. Rxf2 Rxa8 33. d7 Rd8 34. Qe2 Qxe2 35. Rxe2 Kf8
36. Re8+ Rxe8 37. d8=Q Rxd8 38. Rxd8+ Ke7 39. Rb8 Ne3 40. Rxb6 Nc4 41. Ra6 Nxb2 42.
Rxa5 Kd6 43. Ra6+ Kd5 44. a5 c4 45. Ra8 c3 46. Rc8 Nc4 47. a6 c2 48. a7 c1=Q+ 49.
Kh2 Nb6 50. Rb8 Qf4+ 51. Kg1 Qc1+ 52. Kh2 Qc7+  0-1

[Event "Aberto do Brasil CONTAUD 2022"]
[Site "Cuiaba - MT - Brasil"]
[Date "2022.10.29"]
[Round "7"]
[Board "27"]
[White "Pereira Fo, Hildebrando Apolonio"]
[Black "De Souza, Eliel Martins"]
[Result "1-0"]
[WhiteElo "1548"]
[BlackElo "1382"]
[PlyCount "85"]
[EventDate "2022.10.25"]
[EventRounds "9"]
[EventCountry "BRA"]

1. c4 c5 2. Nf3 g6 3. e3 Bg7 4. Be2 Nf6 5. Nc3 d6 6. O-O O-O 7. d4 cxd4 8. Nxd4
a6 9. Bf3 e5 10. Nc2 Re8 11. Nd5 e4 12. Be2 Nc6 13. a3 Be6 14. Rb1 Rc8 15. b3 Ne7
16. Ncb4 a5 17. Nxf6+ Bxf6 18. Nd5 Nxd5 19. cxd5 Bd7 20. a4 Re5 21. Bb2 Re8 22. Ba3
Be5 23. Bg4 f5 24. Be2 f4 25. exf4 Bxf4 26. Bg4 Bxh2+ 27. Kxh2 Qh4+ 28. Bh3 Bxh3
29. gxh3 Rf8 30. Qe2 Rc3 31. Qg4 Rxf2+ 32. Rxf2 Qxf2+ 33. Qg2 Qf4+ 34. Kh1 Rg3 35.
Qf1 Rf3 36. Qg2 Rf2 37. Bxd6 Qd2 38. Qg1 Qe3 39. Qg4 Rf3 40. Qc8+ Kg7 41. Be5+ Kh6
42. Qg4 g5 43. Qe6+  1-0